Los peruguntones incas : (Record no. 8834)

000 -CABECERA
fixed length control field 00632nam a22001937a 4500
003 - IDENTIFICADOR DEL NÚMERO DE CONTROL
control field AR-CdUCM
008 - DATOS DE LONGITUD FIJA--INFORMACIÓN GENERAL
fixed length control field 190326b ||||| |||| 00| 0 spa d
040 ## - FUENTE DE LA CATALOGACIÓN
Agencia/entidad que catalogó originalmente la obra MUNICIPALIDAD PROVINCIAL DEL CUSCO
Entidad que transcribió la catalogación BIBLIOTECA MUNICIPAL DEL CUSCO
082 ## - NÚMERO DE LA CLASIFICACIÓN DECIMAL DEWEY
No. de Clasificación SI-0003 /
Notacion interna PAZ / per
100 ## - ENTRADA PRINCIPAL--NOMBRE DE PERSONA
Nombre Personal Paz, Andrea
245 ## - MENCIÓN DE TÍTULO
Título Los peruguntones incas :
Resto del título el libro de preguntas y respuestas sobre los incas para curiosos /
260 ## - PUBLICACIÓN, DISTRIBUCIÓN, ETC.
Lugar de publicación, distribución, etc. Lima :
Nombre de la editorial, distribuidor, etc. Planeta Perú,
Fecha de publicación, distribución, etc. 2010.
300 ## - DESCRIPCIÓN FÍSICA
Nº de Páginas Extensión 31 páginas ;
Dimensiones 28 cm.
650 ## - PUNTO DE ACCESO ADICIONAL DE MATERIA--TÉRMINO DE MATERIA
Descriptor Cuentos infantiles
9 (RLIN) 3927
650 ## - PUNTO DE ACCESO ADICIONAL DE MATERIA--TÉRMINO DE MATERIA
Descriptor Siglo XXI
9 (RLIN) 2856
700 ## - PUNTO DE ACCESO ADICIONAL--NOMBRE DE PERSONA
Nombre Personal Paz, Claudia
9 (RLIN) 24600
942 ## - ELEMENTOS DE PUNTO DE ACCESO ADICIONAL (KOHA)
Fuente de clasificación
Tipo de item Libros-BMC
945 ## - PROCESAMIENTO DE INFORMACIÓN LOCAL (OCLC)
Catalogador afb
Holdings
Estado de retiro (separado) Fuente de clasificación o esquema de estanterías Estado dañado Ubicación Sala donde se ubica Nombre de la colección Fecha de adquisición o compra Costo, precio normal en soles Signatura topográfica Código de Barras Última vez visto (Koha) Tipo de ítem (Koha) Número de Ejemplar
No     Sala de Infantes Sala de Infantes Children's Area 2019-03-26 40.00 SI-0003 / PAZ / per SI00000003 2019-03-26 Libros-BMC  
No     Sala de Infantes Sala de Infantes Children's Area 2019-03-26 40.00 SI-0004 / PAZ / per / e.2 SI00000004 2019-03-26 Libros-BMC 2ej.

Powered by Koha